Historia del teatro /

Guardado en:
Autor Principal: Pignarre, Robert
Formato: Libro
Publicado: Buenos Aires : Eudeba, 1965
Edición:2a. ed.
Series:Cuadernos Eudeba ; No. 32
Materias:
Etiquetas: Agregar Etiqueta
Sin Etiquetas, Sea el primero en etiquetar este registro!
LEADER 00615nam a22002295a 4500
001 CEM.cems005063
005 20060217000000.0
008 130507s1965##################000#0#####d
003 CEMS
082 0 4 |a 808.209 
100 1 |a Pignarre, Robert 
245 1 0 |a Historia del teatro / 
250 |a 2a. ed. 
260 |a Buenos Aires :  |b Eudeba,  |c 1965 
300 |a 71 p. 
490 0 |a Cuadernos Eudeba ; No. 32 
653 |a Literatura 
653 |a Teatro burgues 
653 |a Teatro griego 
653 |a Teatro medieval 
653 |a Teatro renacentista 
859 |a CEMS  |b BIB. CEMS - 11 de abril  |h 808.209  |i P622a2  |p 3120.74  |t Ej.1